00842nam a2200229Ia 450000500170000000800410001702000150005808200180007310000220009124501420011325000190025530000400027449000260031465000340034065000460037465000390042026400300045933600270048933700330051633800280054904000350057720220317001222.0160825s2003 sp a g 000 0 spa  a844931383X04a153.15 bL65a1 aLongworth, Norman13aEl aprendizaje a lo largo de la vidabciudades centradas en el aprendizaje para un siglo orientado hacia el aprendizajecNorman Longworth a1a. edición  a312 páginasbilustracionesc24 cm aPaidós transiciones142LEMBaAprendizaje xHistoria 142LEMB aEducación continuada xHistoria 142LEMB aAprendizaje xPredicciones  aBarcelonabPaidósc2003 atextobtxt2rdacontent asin mediaciónbn2rdamedia avolumenbnc2rdacarrier aCO-BoRNBPbspaerdacCO-BoRNBP